| 000 | 00556nam a2200133Ia 4500 | ||
|---|---|---|---|
| 008 | 171212s9999 xx 000 0 und d | ||
| 020 | _a9780833058157 | ||
| 100 | _aConnable, Ben | ||
| 245 |
_cConnable, Ben _aEmbracing the Fog of War _bAssessment and Metrics in Counterinsurgency |
||
| 260 |
_bRAND Corporation _c2012 |
||
| 650 | _aCounterinsurgency -- United States -- Evaluation; Counterinsurgency -- Afghanistan -- Evaluation; Counterinsurgency -- Vietnam -- Evaluation | ||
| 650 | _aPolitical Science | ||
| 856 | _uwww.jstor.org/stable/10.7249/mg1086dod | ||
| 999 |
_c351994 _d351994 |
||